[Event "63rd NED-ch"]
[Site "Hilversum NED"]
[Date "2007.06.28"]
[Round "11"]
[White "Hendriks, Willy"]
[Black "Stellwagen, Daniel"]
[Result "1/2-1/2"]
[WhiteElo "2113"]
[BlackElo "2384"]
[EventDate "2007.06.16"]
[PlyCount "95"]

1.e4 c5 2.Nf3 e6 3.c3 Nf6 4.e5 Nd5 5.Bc4 b6 6.O-O Bb7 7.d4 cxd4 8.cxd4 Be7
9.Bxd5 exd5 10.Nc3 Na6 11.Ne1 O-O 12.Nd3 d6 13.Bf4 Nc7 14.Re1 Ne6 15.exd6 
Bxd6 16.Be5 Re8 17.Re3 Bf8 18.Qa4 a6 19.Rae1 Rc8 20.Qd1 Bc6 21.Qg4 Ng5 22.
Bg3 Rxe3 23.Rxe3 Ne4 24.Ne5 Bb7 25.h3 Qe8 26.Nd7 Qe6 27.Qxe6 fxe6 28.Nxb6 
Rc6 29.Nd7 Nxg3 30.Rxg3 Rc4 31.Nxf8 Kxf8 32.Rd3 a5 33.b3 Rc7 34.Re3 Ke7 
35.Kf1 Ba6+ 36.Ke1 Kd6 37.Kd2 Rf7 38.Rf3 Rxf3 39.gxf3 g5 40.Ke3 Bf1 41.f4 
gxf4+ 42.Kxf4 Bxh3 43.a3 Bf1 44.b4 axb4 45.axb4 Kc6 46.Kg5 Bh3 47.f4 Bg2 
48.f5 1/2-1/2

[Event "63rd NED-ch"]
[Site "Hilversum NED"]
[Date "2007.06.28"]
[Round "11"]
[White "Janssen, Ruud"]
[Black "Smeets, Jan"]
[Result "1/2-1/2"]
[WhiteElo "2207"]
[BlackElo "2312"]
[EventDate "2007.06.16"]
[PlyCount "154"]

1.d4 d5 2.c4 c6 3.Nc3 e5 4.dxe5 d4 5.Ne4 Qa5+ 6.Nd2 Nd7 7.Nf3 Nxe5 8.Nxe5 
Qxe5 9.Nf3 Bb4+ 10.Bd2 Qc5 11.a3 Bxd2+ 12.Qxd2 Be6 13.Qxd4 Qxd4 14.Nxd4 
Bxc4 15.Nf5 Kf8 16.Nd6 Ba6 17.e4 Bxf1 18.Rxf1 Nf6 19.Nxb7 Rb8 20.Nc5 Rxb2 
21.O-O-O Ra2 22.Rd8+ Ke7 23.Rxh8 Ra1+ 24.Kd2 Rxf1 25.f3 Rf2+ 26.Kd3 Rxg2 
27.e5 Nd7 28.Nxd7 Kxd7 29.Rxh7 Ke6 30.f4 g6 31.h4 Rh2 32.Rh8 a5 33.a4 Ra2 
34.h5 gxh5 35.Rh6+ Ke7 36.Rxh5 Rxa4 37.f5 Rb4 38.Rh8 Rf4 39.f6+ Ke6 40.
Re8+ Kd5 41.Re7 Rf3+ 42.Kc2 Rf5 43.Rxf7 Kxe5 44.Rc7 Kd5 45.f7 Kc5 46.Re7 
Rf3 47.Kb2 Kb5 48.Rb7+ Ka6 49.Re7 c5 50.Re6+ Kb5 51.Re7 Kc4 52.Rd7 Rf1 53.
Re7 Rf2+ 54.Ka3 Kb5 55.Rc7 Kb6 56.Re7 c4 57.Re6+ Kc5 58.Re7 Kd4 59.Rd7+ 
Kc3 60.Re7 Kd3 61.Rd7+ Kc2 62.Rc7 c3 63.Re7 Rf4 64.Rc7 Rf3 65.Ka2 Rf5 66.
Rd7 Rf4 67.Ka3 Kc1 68.Rc7 c2 69.Rb7 Rf6 70.Ka2 Rf3 71.Rd7 Rf4 72.Rb7 Rf3 
73.Rd7 Rf2 74.Rc7 Kd1 75.Rd7+ Kc1 76.Rc7 Rf4 77.Rb7 Rf3 1/2-1/2

[Event "63rd NED-ch"]
[Site "Hilversum NED"]
[Date "2007.06.28"]
[Round "11"]
[White "l`Ami, Erwin"]
[Black "Bosboom, Manuel"]
[Result "1-0"]
[WhiteElo "2344"]
[BlackElo "2457"]
[EventDate "2007.06.16"]
[PlyCount "73"]

1.e4 g6 2.d4 Bg7 3.Nc3 d6 4.Be3 c6 5.Qd2 b5 6.Bd3 Nd7 7.Nf3 Ngf6 8.Bh6 
Bxh6 9.Qxh6 e5 10.O-O Bb7 11.a4 b4 12.Ne2 a5 13.dxe5 dxe5 14.Nc1 Qe7 15.
Nd2 Ng4 16.Qh3 h5 17.Nc4 Ba6 18.Ne3 Ngf6 19.Bxa6 Rxa6 20.Nc4 O-O 21.Qe3 
Nc5 22.f3 h4 23.Qg5 Ne6 24.Qxe5 Rd8 25.b3 Rd4 26.h3 Nd7 27.Qh2 Qc5 28.Kh1 
Rxc4 29.Nd3 Qd4 30.bxc4 b3 31.Nf4 Nxf4 32.Qxf4 b2 33.Rad1 Qxc4 34.Rxd7 
Qxf1+ 35.Kh2 Qc4 36.Rd8+ Kg7 37.Qe5+ 1-0

[Event "63rd NED-ch"]
[Site "Hilversum NED"]
[Date "2007.06.28"]
[Round "11"]
[White "Spoelman, Wouter"]
[Black "Dambacher, Martijn"]
[Result "1/2-1/2"]
[WhiteElo "2428"]
[BlackElo "2249"]
[EventDate "2007.06.16"]
[PlyCount "81"]

1.e4 e6 2.d4 d5 3.Nc3 dxe4 4.Nxe4 Nd7 5.Nf3 Ngf6 6.Nxf6+ Nxf6 7.c3 c5 8.
Ne5 a6 9.Bg5 Qc7 10.Qa4+ Nd7 11.Nf3 Bd6 12.dxc5 Bxc5 13.O-O-O f6 14.Bf4 e5
15.Bg3 O-O 16.Bc4+ Kh8 17.Bd3 Rf7 18.h4 Nf8 19.h5 Be6 20.Kb1 Rd8 21.Qe4 
Qc8 22.Bc2 Kg8 23.Bh4 Rxd1+ 24.Rxd1 Rd7 25.Rg1 Bd5 26.Qg4 Rc7 27.Bf5 Be6 
28.Bxe6+ Qxe6 29.Qe4 Rd7 30.g4 Qd5 31.Qxd5+ Rxd5 32.Kc2 Kf7 33.Nd2 Ne6 34.
Ne4 Be7 35.f3 g6 36.hxg6+ hxg6 37.Bf2 f5 38.gxf5 gxf5 39.Ng3 Ng7 40.c4 Rd7
41.a3 1/2-1/2

[Event "63rd NED-ch"]
[Site "Hilversum NED"]
[Date "2007.06.28"]
[Round "11"]
[White "Van der Wiel, John"]
[Black "Nijboer, Friso"]
[Result "1/2-1/2"]
[WhiteElo "2495"]
[BlackElo "2565"]
[EventDate "2007.06.16"]
[PlyCount "28"]

1.e4 c5 2.Nf3 Nc6 3.d4 cxd4 4.Nxd4 Nf6 5.Nc3 d6 6.Bg5 e6 7.Qd2 a6 8.O-O-O 
Bd7 9.f3 h6 10.Be3 b5 11.Nxc6 Bxc6 12.Ne2 Qc7 13.Kb1 Bb7 14.Rg1 Rc8 
1/2-1/2